[Event "4NCL Division 1 & 2"]
[Site "Daventry, ENG"]
[Date "2022.05.01"]
[Round "8.127"]
[White "Pollack, Oscar"]
[Black "Ashworth, Robert"]
[Result "1-0"]
[WhiteElo "2149"]
[BlackElo "1902"]
[PlyCount "73"]
[EventDate "2022.05.01"]
[WhiteTeam "Barnet Knights A"]
[BlackTeam "Check Inn"]

1. e4 e5 2. Nf3 Nc6 3. Bb5 a6 4. Ba4 Nf6 5. d3 b5 6. Bb3 Be7 7. Nbd2 O-O 8. a4
Bb7 9. O-O d6 10. c3 Na5 11. Bc2 c5 12. Re1 Qc7 13. Nf1 Rfe8 14. axb5 axb5 15.
d4 cxd4 16. cxd4 Nc6 17. Rxa8 Rxa8 18. Ng3 Nxd4 19. Nxd4 exd4 20. Nf5 d5 21.
exd5 Bb4 22. Bd2 Nxd5 23. Bxb4 Nxb4 24. Qxd4 f6 25. Bb3+ Kh8 26. Qxb4 Qd7 27.
Qe7 Qxe7 28. Nxe7 g6 29. Nd5 Bxd5 30. Bxd5 Rd8 31. Rd1 Re8 32. Kf1 Kg7 33. Bc6
Rb8 34. Rd7+ Kh6 35. Rb7 Rc8 36. Be4 Rc5 37. Bd3 1-0

[Event "4NCL Division 1 & 2"]
[Site "Daventry, ENG"]
[Date "2022.05.01"]
[Round "8.128"]
[White "Fernando, Manel"]
[Black "Ethelontis, Alexandros N"]
[Result "0-1"]
[WhiteElo "1603"]
[BlackElo "2063"]
[PlyCount "64"]
[EventDate "2022.05.01"]
[WhiteTeam "Check Inn"]
[BlackTeam "Barnet Knights A"]

1. d4 d6 2. Nf3 g6 3. Bf4 f5 4. e3 Bg7 5. Bd3 Nf6 6. Nbd2 O-O 7. c3 Nc6 8. O-O
Qe8 9. Qb3+ Kh8 10. Bg3 e5 11. dxe5 dxe5 12. Bb5 Nh5 13. Bxc6 bxc6 14. Rad1 h6
15. h3 Be6 16. Qa4 Nxg3 17. fxg3 c5 18. Qa5 e4 19. Ne1 Qe7 20. b3 Rfd8 21. Nc2
Rd3 22. Nb1 Rad8 23. Rxd3 exd3 24. Nca3 Bd5 25. c4 Qxe3+ 26. Kh2 Ba8 27. Qxc7
Re8 28. Qf7 Kh7 29. Qd7 Re7 30. Qd6 Qe2 31. Rg1 Bd4 32. Nc3 Bxg1+ 0-1

[Event "4NCL Division 1 & 2"]
[Site "Daventry, ENG"]
[Date "2022.05.01"]
[Round "8.121"]
[White "Bremner, Adam"]
[Black "Macklin, Paul"]
[Result "0-1"]
[WhiteElo "2180"]
[BlackElo "2359"]
[PlyCount "80"]
[EventDate "2022.05.01"]
[WhiteTeam "The Sharks 2"]
[BlackTeam "Manchester Manticores 1"]

1. d4 Nf6 2. c4 g6 3. Nc3 Bg7
4. e4 d6 5. Nf3 O-O 6. Be2 e5 7. O-O exd4 8. Nxd4 Re8 9. f3 c6 10. Bg5 Qb6 11.
Na4 Qa5 12. Bh4 Nh5 13. Nc3 Qb6 14. Bf2 Qxb2 15. Rc1 Nf4 16. Rc2 Qa3 17. Qd2
Nxe2+ 18. Ndxe2 Nd7 19. Nb1 Qa6 20. Qxd6 Ne5 21. Qa3 Qxa3 22. Nxa3 b6 23. Rd1
Ba6 24. c5 Nd3 25. cxb6 Nxf2 26. Kxf2 axb6 27. Nc4 Bxc4 28. Rxc4 Rxa2 29. Rxc6
Bf8 30. Rc7 f5 31. Kf1 fxe4 32. f4 e3 33. g4 Rd2 34. Ra1 Red8 35. h4 Rb2 36. f5
gxf5 37. gxf5 Rd5 38. Ng3 e2+ 39. Kf2 Rd1 40. Nh5 e1=Q+ 0-1

[Event "4NCL Division 1 & 2"]
[Site "Daventry, ENG"]
[Date "2022.05.01"]
[Round "8.122"]
[White "Bin-Suhayl, Ieysaa"]
[Black "Claridge-Hansen, William"]
[Result "1/2-1/2"]
[WhiteElo "2309"]
[BlackElo "2318"]
[PlyCount "130"]
[EventDate "2022.05.01"]
[WhiteTeam "Manchester Manticores 1"]
[BlackTeam "Oxford 1"]

1. d4 Nf6 2. c4 e6 3. Nf3 b6
4. g3 Ba6 5. Qa4 Bb7 6. Bg2 g6 7. Nc3 Bg7 8. O-O Ne4 9. Nxe4 Bxe4 10. Rd1 O-O
11. d5 Qc8 12. Ne1 Bxg2 13. Kxg2 d6 14. e4 Nd7 15. Nd3 e5 16. f3 f5 17. h3 Nf6
18. Nf2 Nh5 19. Qc2 Rf7 20. Rb1 a5 21. b3 Qf8 22. Rd3 Bh6 23. a3 fxe4 24. Nxe4
Nf6 25. Rc3 Bxc1 26. Rxc1 Qh6 27. Rd1 Nxe4 28. Qxe4 Qg5 29. Qe3 Qf5 30. Qd3 Qf6
31. Re1 Qg5 32. Re4 h5 33. Rc2 Raf8 34. Rf2 Qc1 35. Re3 Kg7 36. Ra2 h4 37. gxh4
Rf4 38. a4 Rxh4 39. Rc2 Qa1 40. Qd2 Qa3 41. Ra2 Qc5 42. Ra1 Rfh8 43. Rh1 Rd4
44. Qe2 Rhh4 45. Kg3 Rhf4 46. Re1 Qb4 47. Rd1 Rxd1 48. Qxd1 Qa3 49. Re4 Rxe4
50. fxe4 Qb2 51. Qf3 Qd2 52. h4 Qe1+ 53. Kh3 Qg1 54. Qd3 Qf2 55. Qg3 Qf1+ 56.
Kg4 Qe2+ 57. Qf3 Qh2 58. Qg3 Qd2 59. Qf3 Qd4 60. Kh3 Qg1 61. Qd3 Qh1+ 62. Kg3
Qg1+ 63. Kh3 g5 64. hxg5 Kg6 65. Qf3 Qxg5 1/2-1/2

[Event "4NCL Division 1 & 2"]
[Site "Daventry, ENG"]
[Date "2022.05.01"]
[Round "8.123"]
[White "O'Gorman, Tom"]
[Black "Williams, Samuel G"]
[Result "1-0"]
[WhiteElo "2357"]
[BlackElo "2241"]
[PlyCount "57"]
[EventDate "2022.05.01"]
[WhiteTeam "Oxford 1"]
[BlackTeam "The Sharks 2"]

1. d4 d5 2. c4 dxc4 3. Nf3 Nf6 4. e3 a6 5. Bxc4 e6 6. O-O c5 7. Nc3 b5 8. Be2
Bb7 9. dxc5 Nc6 10. e4 Nd7 11. Bg5 f6 12. Be3 Bxc5 13. Qc1 Qb6 14. Bxc5 Nxc5
15. Qe3 Nd7 16. Qf4 Nde5 17. Nxe5 Nxe5 18. a4 bxa4 19. Nxa4 Qb4 20. Bh5+ Ke7
21. Qg3 g6 22. f4 Nf7 23. Bf3 Bxe4 24. Bxe4 Qxe4 25. Qa3+ Nd6 26. Rae1 Qd4+ 27.
Kh1 Rhd8 28. Nc5 Nb5 29. Qh3 1-0

[Event "4NCL Division 1 & 2"]
[Site "Daventry, ENG"]
[Date "2022.05.01"]
[Round "8.124"]
[White "Mulleady, Peter J"]
[Black "Kueh, Audrey"]
[Result "1/2-1/2"]
[WhiteElo "1985"]
[BlackElo "2118"]
[PlyCount "37"]
[EventDate "2022.05.01"]
[WhiteTeam "Manchester Manticores 1"]
[BlackTeam "The Sharks 2"]

{[%evp 0,37,35,28,82,56,52,52,52,44,57,42,32,13,45,34,34,38,85,65,114,110,106,
107,107,107,107,107,192,70,70,66,66,67,67,70,65,32,27,19]} 1. e4 c6 2. d4 d5 3.
exd5 cxd5 4. Nf3 Nc6 5. Bb5 Nf6 6. h3 Qa5+ 7. Nc3 Ne4 8. Bd2 Nxd2 9. Qxd2 Bf5
10. Nxd5 Qxd2+ 11. Kxd2 O-O-O 12. Bxc6 bxc6 13. Ne3 Be4 14. Kc3 Bxf3 15. gxf3
g6 16. Rad1 Bg7 17. Kc4 Rd6 18. Rd3 Rhd8 19. Rhd1 1/2-1/2

[Event "4NCL Division 1 & 2"]
[Site "Daventry, ENG"]
[Date "2022.05.01"]
[Round "8.125"]
[White "Gerlagh, Joris"]
[Black "Newton, Robert A"]
[Result "1-0"]
[WhiteElo "2276"]
[BlackElo "1992"]
[PlyCount "47"]
[EventDate "2022.05.01"]
[WhiteTeam "Oxford 1"]
[BlackTeam "Manchester Manticores 1"]

{[%evp 0,47,14,10,50,52,90,75,75,38,38,42,67,66,43,37,30,32,33,19,12,37,102,91,
120,129,113,139,133,69,91,67,240,186,252,297,1043,1148,1148,1148,1209,1142,
1034,1488,1749,2961,1397,29984,29993,29994]} 1. e4 c5 2. Nf3 d6 3. d4 cxd4 4.
Nxd4 Nf6 5. Nc3 g6 6. Be3 Bg7 7. f3 O-O 8. Qd2 Nc6 9. O-O-O Bd7 10. Kb1 d5 11.
Nxd5 Nxd5 12. exd5 Ne5 13. h4 h5 14. g4 hxg4 15. h5 gxf3 16. hxg6 fxg6 17. Qh2
Rf7 18. Qh7+ Kf8 19. Bh6 e6 20. dxe6 Bxh6 21. Qxh6+ Rg7 22. Qh8+ Rg8 23. Qxe5
Bc6 24. Qf4+ 1-0

[Event "4NCL Division 1 & 2"]
[Site "Daventry, ENG"]
[Date "2022.05.01"]
[Round "8.126"]
[White "Milson, Samuel A"]
[Black "Zakarian, David"]
[Result "0-1"]
[WhiteElo "2152"]
[BlackElo "2308"]
[PlyCount "72"]
[EventDate "2022.05.01"]
[WhiteTeam "The Sharks 2"]
[BlackTeam "Oxford 1"]

1. e4 c5 2. Nc3 a6 3. d4 cxd4 4. Qxd4 Nc6 5. Qe3 d6 6. Nf3 Nf6 7. Nd5 e6 8.
Nxf6+ gxf6 9. Bd2 Qc7 10. Bc3 e5 11. Bc4 Nd4 12. Nxd4 Qxc4 13. Qe2 Qxe2+ 14.
Nxe2 Be6 15. f4 Rg8 16. Kf2 O-O-O 17. Rad1 Bc4 18. Ng3 Rg4 19. Bd2 d5 20. b3
exf4 21. Nh5 dxe4 22. Bxf4 Rd5 23. Rxd5 Bxd5 24. Be3 Be7 25. h3 Rg8 26. g4 f5
27. gxf5 Bh4+ 28. Kf1 Kc7 29. Bf4+ Kc8 30. Be3 Bc6 31. Rh2 Bd7 32. Bf2 Bd8 33.
Ng3 Bc7 34. Rg2 e3 35. Be1 Bc6 36. Rg1 Bf3 0-1

[Event "4NCL Division 1 & 2"]
[Site "Daventry, ENG"]
[Date "2022.05.01"]
[Round "8.127"]
[White "Birtwistle, Nigel"]
[Black "Kay, Lee P"]
[Result "1-0"]
[WhiteElo "2194"]
[BlackElo "1978"]
[PlyCount "63"]
[EventDate "2022.05.01"]
[WhiteTeam "The Sharks 2"]
[BlackTeam "Manchester Manticores 1"]

{[%evp 0,63,19,38,83,67,81,86,105,93,62,20,27,32,17,24,29,23,27,30,36,39,51,52,
53,52,48,62,54,54,64,74,85,76,75,71,72,71,79,83,84,75,79,99,106,106,106,106,
349,339,339,394,394,332,698,690,1232,1308,1450,1406,1813,1952,2237,2636,29987,
29986]} 1. e4 g6 2. d4 Bg7 3. Nc3 c6 4. Be3 d5 5. h3 dxe4 6. Nxe4 Nd7 7. Nf3
Ngf6 8. Nxf6+ Nxf6 9. Bd3 Nd5 10. Bd2 Qc7 11. Qc1 Bf5 12. Bxf5 gxf5 13. O-O O-O
14. Re1 e6 15. c4 Nb6 16. b3 Rfe8 17. Bf4 Qe7 18. Qe3 Rad8 19. Rad1 f6 20. a4
e5 21. a5 Nc8 22. dxe5 Rxd1 23. Rxd1 Qb4 24. e6 Qxa5 25. Rd7 Bf8 26. Bh6 Bc5
27. Nd4 Ne7 28. Rxe7 Qa1+ 29. Kh2 Bd6+ 30. f4 Rxe7 31. Nxf5 Bxf4+ 32. Bxf4 1-0

[Event "4NCL Division 1 & 2"]
[Site "Daventry, ENG"]
[Date "2022.05.01"]
[Round "8.128"]
[White "Webster, Richard J"]
[Black "Powierski, Emil"]
[Result "1/2-1/2"]
[WhiteElo "2003"]
[BlackElo "2312"]
[PlyCount "102"]
[EventDate "2022.05.01"]
[WhiteTeam "Manchester Manticores 1"]
[BlackTeam "Oxford 1"]

1. d4 Nf6 2. c4 e6 3. g3 Bb4+ 4. Bd2 Be7 5. Bg2 d5 6. Nf3 c6 7. Qc2 O-O 8. O-O
b6 9. Rd1 Bb7 10. cxd5 cxd5 11. Nc3 Nc6 12. Rac1 Rc8 13. Bg5 b5 14. Bxf6 Bxf6
15. Qd2 a6 16. e3 Qa5 17. a3 Rfd8 18. Ne1 b4 19. axb4 Nxb4 20. Ra1 Qc7 21. Ra4
Be7 22. Rda1 Qb6 23. Bf1 Ra8 24. Nd3 a5 25. Ne5 f6 26. Nf3 Bc6 27. R4a3 Rdc8
28. Rc1 Bd7 29. Nd1 Nc6 30. Raa1 a4 31. Nc3 Bb4 32. Qc2 a3 33. bxa3 Bxc3 34.
Qxc3 Ne5 35. Nxe5 Rxc3 36. Nxd7 Qa5 37. Nc5 Rxc1 38. Rxc1 Qd2 39. Rb1 Rxa3 40.
Bh3 f5 41. Nxe6 Qc2 42. Rf1 Ra5 43. Bg2 h6 44. h4 Kf7 45. Nc5 Qa2 46. h5 g5 47.
hxg6+ Kxg6 48. Ne6 Kf6 49. Nf4 Ke7 50. Bf3 Kd6 51. Be2 Ke7 1/2-1/2

[Event "4NCL Division 1 & 2"]
[Site "Daventry, ENG"]
[Date "2022.05.01"]
[Round "8.129"]
[White "Hansen, Hans-Peter"]
[Black "Varnam, Liam D"]
[Result "1/2-1/2"]
[WhiteElo "2163"]
[BlackElo "2204"]
[PlyCount "37"]
[EventDate "2022.05.01"]
[WhiteTeam "Oxford 1"]
[BlackTeam "The Sharks 2"]

1. Nf3 Nf6 2. c4 c5 3. Nc3 e6 4. g3 b6 5. Bg2 Bb7 6. O-O Be7 7. d4 cxd4 8. Qxd4
d6 9. b3 O-O 10. Rd1 d5 11. cxd5 Nxd5 12. Nxd5 Qxd5 13. Be3 Qb5 14. Qd3 Qxd3
15. Rxd3 Be4 16. Ne1 Bxg2 17. Kxg2 Nc6 18. Rad1 Rfd8 19. Rxd8+ 1/2-1/2

[Event "4NCL Division 1 & 2"]
[Site "Daventry, ENG"]
[Date "2022.05.01"]
[Round "8.130"]
[White "Purton, Ben J"]
[Black "Lyth, John D"]
[Result "1-0"]
[WhiteElo "2195"]
[BlackElo "1924"]
[PlyCount "63"]
[EventDate "2022.05.01"]
[WhiteTeam "The Sharks 2"]
[BlackTeam "Manchester Manticores 1"]

{[%evp 0,1,80,4]} 1. e4 e5 2. Nf3 Nc6 3. d4 exd4 4. Nxd4 Qh4 5. Nc3 Bb4 6. Be2
Qxe4 7. Ndb5 Bxc3+ 8. bxc3 Kd8 9. O-O a6 10. Nd4 Nxd4 11. cxd4 Nf6 12. c4 Re8
13. Bf3 Qg6 14. c5 Rb8 15. d5 b6 16. d6 c6 17. cxb6 Bb7 18. Re1 Re6 19. Rxe6
fxe6 20. Be3 Ke8 21. h4 Kf8 22. h5 Qf7 23. h6 g6 24. Qd4 Re8 25. Qe5 Nd5 26.
Bd4 Rc8 27. Rc1 Re8 28. Rc4 Rb8 29. Bb2 Qg8 30. Bxd5 cxd5 31. Rf4+ Ke8 32. Qf6
1-0

[Event "4NCL Division 1 & 2"]
[Site "Daventry, ENG"]
[Date "2022.05.01"]
[Round "8.131"]
[White "Whitehead, Mark A"]
[Black "Wilson, Edgar"]
[Result "0-1"]
[WhiteElo "1926"]
[BlackElo "1998"]
[PlyCount "84"]
[EventDate "2022.05.01"]
[WhiteTeam "Manchester Manticores 1"]
[BlackTeam "Oxford 1"]

1. e4 e6 2. Qe2 c5 3. g3 Nc6 4. c3 Be7 5. f4 d5 6. d3 Nf6 7. Bg2 O-O 8. Nh3 b5
9. O-O Rb8 10. g4 c4 11. dxc4 bxc4 12. Nd2 Re8 13. Kh1 Bf8 14. Qf3 Bb7 15. g5
Nxe4 16. Nxe4 dxe4 17. Qxe4 Nb4 18. Qe2 Bxg2+ 19. Kxg2 Nd3 20. Nf2 Rxb2 21. Qe4
Nxc1 22. Rfxc1 Qd2 23. Qf3 Bc5 24. Rf1 Qd5 25. Rad1 Qxf3+ 26. Kxf3 Rxa2 27. Ne4
Bf8 28. Rd2 Rxd2 29. Nxd2 Rd8 30. Nxc4 Rc8 31. Ne5 Rxc3+ 32. Kg4 f6 33. Nf3 Kf7
34. Rb1 Bd6 35. Rb7+ Rc7 36. Rb3 Bc5 37. h4 Bb6 38. h5 Rc8 39. Rd3 Ke7 40. h6
gxh6 41. gxf6+ Kxf6 42. Rd7 Rc7 0-1

[Event "4NCL Division 1 & 2"]
[Site "Daventry, ENG"]
[Date "2022.05.01"]
[Round "8.132"]
[White "Zakarian, Dimitrios Levon"]
[Black "Kafka, Graeme"]
[Result "1/2-1/2"]
[WhiteElo "1946"]
[BlackElo "2016"]
[PlyCount "42"]
[EventDate "2022.05.01"]
[WhiteTeam "Oxford 1"]
[BlackTeam "The Sharks 2"]

1. d4 d5 2. Nf3 Nf6 3. c4 c6 4. Qc2 g6 5. e3 Bg7 6. Nc3 O-O 7. Be2 Bf5 8.
Qb3 Qb6 9. Qxb6 axb6 10. cxd5 Nxd5 11. Nxd5 cxd5 12. Bd2 Nc6 13. Bc3 Rfc8 14.
O-O Bg4 15. h3 Bd7 16. Rfc1 Rc7 17. b3 Rac8 18. Bb2 Na7 19. Rxc7 Rxc7 20. Rc1
Rxc1+ 21. Bxc1 Bb5 1/2-1/2

[Event "4NCL Division 1 & 2"]
[Site "Daventry, ENG"]
[Date "2022.05.02"]
[Round "9.12"]
[White "Alsina Leal, Daniel"]
[Black "Parligras, Mircea-Emilian"]
[Result "1/2-1/2"]
[WhiteElo "2509"]
[BlackElo "2583"]
[PlyCount "54"]
[EventDate "2022.05.02"]
[WhiteTeam "Chessable White Rose 1"]
[BlackTeam "Chess.com Manx Liberty"]

1. e4 e5 2. Nf3 Nc6 3. d4 exd4 4. Nxd4 Nf6 5. Nc3 Bb4 6. Nxc6 bxc6 7. Bd3 d5 8.
Bd2 O-O 9. O-O Rb8 10. Re1 Re8 11. a3 Bg4 12. f3 Bc5+ 13. Kh1 Bh5 14. Rb1 Bd4
15. exd5 Nxd5 16. Rxe8+ Qxe8 17. Nxd5 cxd5 18. c3 Bb6 19. Qc2 Bg6 20. Re1 Qd7
21. f4 Re8 22. f5 Bh5 23. Qc1 f6 24. h3 c6 25. Bf4 Bf7 26. Rxe8+ Qxe8 27. Qd2
g5 1/2-1/2

[Event "4NCL Division 1 & 2"]
[Site "Daventry, ENG"]
[Date "2022.05.02"]
[Round "9.13"]
[White "Lupulescu, Constantin"]
[Black "Emms, John M"]
[Result "1/2-1/2"]
[WhiteElo "2623"]
[BlackElo "2478"]
[PlyCount "69"]
[EventDate "2022.05.02"]
[WhiteTeam "Chess.com Manx Liberty"]
[BlackTeam "Chessable White Rose 1"]

1. e4 e5 2. Nf3 Nc6 3. Bc4 Bc5 4. c3 Nf6 5. d4 exd4 6. e5 d5 7. Bb5 Ne4 8. cxd4
Bb6 9. Nc3 O-O 10. Be3 Bg4 11. h3 Bh5 12. Qa4 Ne7 13. Bd3 Bg6 14. Qc2 c5 15.
dxc5 Bxc5 16. Bxc5 Nxc5 17. Bxg6 hxg6 18. Rd1 Qb6 19. Nxd5 Nxd5 20. Rxd5 Qb4+
21. Nd2 Rac8 22. O-O Ne6 23. Qb3 Qxb3 24. Nxb3 Rc2 25. Rb1 Rfc8 26. Rd7 Re2 27.
Rxb7 Rcc2 28. Rf1 Rxb2 29. Rxa7 Rxa2 30. Nc1 Rxa7 31. Nxe2 Ra5 32. f4 g5 33. g3
gxf4 34. gxf4 g5 35. fxg5 1/2-1/2

[Event "4NCL Division 1 & 2"]
[Site "Daventry, ENG"]
[Date "2022.05.02"]
[Round "9.14"]
[White "Wells, Peter K"]
[Black "Csonka, Balazs"]
[Result "1/2-1/2"]
[WhiteElo "2374"]
[BlackElo "2496"]
[PlyCount "32"]
[EventDate "2022.05.02"]
[WhiteTeam "Chessable White Rose 1"]
[BlackTeam "Chess.com Manx Liberty"]

1. d4 Nf6 2. c4 e6 3. Nf3 d5 4. g3 dxc4 5. Bg2 c6 6. Ne5 Bb4+ 7. Bd2 Be7 8. e3
b5 9. a4 b4 10. Nxc4 Nbd7 11. Bxc6 Ba6 12. b3 Rc8 13. Bf3 Bxc4 14. bxc4 Rxc4
15. Qb3 Qc7 16. O-O a5 1/2-1/2

[Event "4NCL Division 1 & 2"]
[Site "Daventry, ENG"]
[Date "2022.05.02"]
[Round "9.15"]
[White "Cyborowski, Lukasz"]
[Black "Palliser, Richard J D"]
[Result "1/2-1/2"]
[WhiteElo "2485"]
[BlackElo "2414"]
[PlyCount "71"]
[EventDate "2022.05.02"]
[WhiteTeam "Chess.com Manx Liberty"]
[BlackTeam "Chessable White Rose 1"]

1. c4 g6 2. Nc3 Bg7 3. Nf3 d6 4. g3 c5 5. d4 cxd4 6. Nxd4 Nc6 7. Nxc6 bxc6 8.
Bg2 Bd7 9. O-O Rb8 10. Qc2 h5 11. h3 Qc8 12. Kh2 Qc7 13. Bf4 Qa5 14. Bd2 Nf6
15. Nd5 Qd8 16. Nxf6+ Bxf6 17. Bc3 Bxc3 18. Qxc3 O-O 19. b4 a5 20. a3 axb4 21.
axb4 Qb6 22. Rab1 Bf5 23. Rb2 Rfd8 24. Rd1 d5 25. cxd5 cxd5 26. e3 Rdc8 27. Qe5
e6 28. Rd4 Qd8 29. e4 f6 30. Qf4 e5 31. Qh6 exd4 32. exf5 g5 33. Qg6+ Kf8 34.
Qh6+ Kg8 35. Qg6+ Kf8 36. Qh6+ 1/2-1/2

[Event "4NCL Division 1 & 2"]
[Site "Daventry, ENG"]
[Date "2022.05.02"]
[Round "9.16"]
[White "Adair, James R"]
[Black "Turner, Matthew J"]
[Result "1/2-1/2"]
[WhiteElo "2451"]
[BlackElo "2476"]
[PlyCount "55"]
[EventDate "2022.05.02"]
[WhiteTeam "Chessable White Rose 1"]
[BlackTeam "Chess.com Manx Liberty"]

1. e4 e5 2. Nf3 Nc6 3. Bc4 Bc5 4. c3 Nf6 5. d3 O-O 6. O-O d6 7. Re1 h6 8. h3
Bb6 9. Nbd2 Ne7 10. a4 c6 11. d4 exd4 12. cxd4 d5 13. e5 Nh7 14. Bd3 Bf5 15.
Nf1 Qc8 16. Ng3 Bxd3 17. Qxd3 Qe6 18. Bd2 Rfe8 19. Re2 Rad8 20. Rae1 g5 21. a5
Bc7 22. Nh2 Qg6 23. Qf3 c5 24. Qc3 Nc6 25. Qxc5 Nf8 26. Ng4 Ne6 27. Qa3 Nexd4
28. Nf6+ 1/2-1/2

[Event "4NCL Division 1 & 2"]
[Site "Daventry, ENG"]
[Date "2022.05.02"]
[Round "9.17"]
[White "Kolbus, Dietmar"]
[Black "Chow, Samuel"]
[Result "1/2-1/2"]
[WhiteElo "2312"]
[BlackElo "2399"]
[PlyCount "49"]
[EventDate "2022.05.02"]
[WhiteTeam "Chess.com Manx Liberty"]
[BlackTeam "Chessable White Rose 1"]

1. Nf3 Nf6 2. c4 g6 3. Nc3 Bg7 4. e4 e5 5. Nxe5 O-O 6. Nf3 Re8 7. d3 d5 8. cxd5
Nxd5 9. Nxd5 Qxd5 10. Be2 Qd6 11. O-O c5 12. Qc2 Nc6 13. Be3 b6 14. a3 a5 15.
Rab1 Bg4 16. h3 Bxf3 17. Bxf3 Rad8 18. Rfd1 Nd4 19. Bxd4 Bxd4 20. Kh1 Qf4 21.
Qe2 h5 22. g3 Qf6 23. h4 b5 24. b3 Re7 25. Kg2 1/2-1/2

[Event "4NCL Division 1 & 2"]
[Site "Daventry, ENG"]
[Date "2022.05.02"]
[Round "9.18"]
[White "Sucikova, Svetlana"]
[Black "Terbe, Julianna"]
[Result "0-1"]
[WhiteElo "2209"]
[BlackElo "2294"]
[PlyCount "74"]
[EventDate "2022.05.02"]
[WhiteTeam "Chessable White Rose 1"]
[BlackTeam "Chess.com Manx Liberty"]

1. c4 c6 2. Nf3 d5 3. e3 Nf6 4. b3 Bf5 5. Bb2 Nbd7 6. Be2 h6 7. O-O e6 8. d4
Bd6 9. Nbd2 O-O 10. Ne5 Qe7 11. a3 a5 12. Re1 Rfd8 13. h3 Bc7 14. Qc1 Nxe5 15.
dxe5 Nd7 16. f4 Bb6 17. Bf1 Ba7 18. Kh2 dxc4 19. Nxc4 Nc5 20. Ra2 Nxb3 21. Qc3
Nc5 22. Nd6 Ne4 23. Nxe4 Bxe4 24. a4 Bc5 25. Ba3 Bb4 26. Bxb4 axb4 27. Qb3 Ra5
28. Bc4 Rda8 29. Rea1 Qc5 30. Rd1 b5 31. Bxe6 fxe6 32. Qxe6+ Kh8 33. Rd7 R5a7
34. Rad2 Bd5 35. Rxa7 Qxa7 36. Qf5 Qxe3 37. Rd3 Qe4 0-1

[Event "4NCL Division 1 & 2"]
[Site "Daventry, ENG"]
[Date "2022.05.02"]
[Round "9.21"]
[White "Murphy, Conor E"]
[Black "Tan, Justin"]
[Result "1-0"]
[WhiteElo "2403"]
[BlackElo "2532"]
[PlyCount "79"]
[EventDate "2022.05.02"]
[WhiteTeam "Cambridge University 1"]
[BlackTeam "Wood Green"]

1. e4 e5 2. Nf3 Nc6 3. Bc4 Bc5 4. c3 Nf6 5. d3 h6 6. O-O d6 7. Re1 a6 8. a4 Ba7
9. Nbd2 g5 10. Nf1 g4 11. N3d2 h5 12. Nb3 Nh7 13. Be3 Qf6 14. Bxa7 Rxa7 15. Ne3
Ne7 16. d4 c6 17. dxe5 dxe5 18. Bf1 O-O 19. Nc4 Ng6 20. Nc5 Rd8 21. Qc2 Qe7 22.
b4 Ra8 23. Rad1 Be6 24. Rxd8+ Rxd8 25. Rd1 Rxd1 26. Qxd1 Bxc4 27. Bxc4 Ng5 28.
Nxb7 Qxb7 29. Qd8+ Kg7 30. Qxg5 Qd7 31. Qc1 Nf4 32. Bxa6 Qa7 33. Qf1 c5 34. a5
cxb4 35. cxb4 Qc7 36. Qe1 h4 37. Bf1 Kf6 38. b5 Qc5 39. b6 h3 40. b7 1-0

[Event "4NCL Division 1 & 2"]
[Site "Daventry, ENG"]
[Date "2022.05.02"]
[Round "9.22"]
[White "Toma, Katarzyna"]
[Black "Tanmay Chopra"]
[Result "0-1"]
[WhiteElo "2438"]
[BlackElo "2302"]
[PlyCount "98"]
[EventDate "2022.05.02"]
[WhiteTeam "Wood Green"]
[BlackTeam "Cambridge University 1"]

1. e4 c5 2. Nf3 d6 3. d4 cxd4 4. Nxd4 Nf6 5. Nc3 a6 6. Be2 e5 7. Nb3 Be7 8. O-O
O-O 9. Re1 Be6 10. Bf3 Nbd7 11. a4 Qc7 12. Be3 h6 13. a5 b5 14. axb6 Nxb6 15.
Na5 Nc4 16. Nxc4 Bxc4 17. Bd2 Bd8 18. b3 Be6 19. Qe2 Qc6 20. Qd3 Bb6 21. Na4
Bd4 22. Ra2 Rfd8 23. c4 Nd7 24. Bd1 Nc5 25. Qf3 Rab8 26. Ra3 Rb7 27. Bc2 Rdb8
28. h3 Rf8 29. Qg3 f5 30. Nxc5 f4 31. Qf3 Bxc5 32. Ra2 g5 33. Bd1 Rg7 34. Qd3
Qc8 35. Kf1 g4 36. hxg4 Bxg4 37. Bf3 Bxf3 38. Qxf3 Rg3 39. Qh5 Rg7 40. Bc3 Kh7
41. Rb1 Rg5 42. Qf3 Rg3 43. fxg3 fxg3 44. Qxf8 Qxf8+ 45. Ke1 Qf4 46. Re2 Be3
47. Rbb2 Qxe4 48. Kd1 Qd3+ 49. Bd2 Bd4 0-1

[Event "4NCL Division 1 & 2"]
[Site "Daventry, ENG"]
[Date "2022.05.02"]
[Round "9.23"]
[White "Bisby, Daniel L"]
[Black "Speelman, Jon S"]
[Result "0-1"]
[WhiteElo "2282"]
[BlackElo "2503"]
[PlyCount "54"]
[EventDate "2022.05.02"]
[WhiteTeam "Cambridge University 1"]
[BlackTeam "Wood Green"]

1. e4 c6 2. d4 d5 3. e5 Bf5 4. Nc3 a6 5. Be3 e6 6. g4 Bg6 7. Nge2 c5 8. h4 h5
9. Nf4 Bh7 10. dxc5 Nc6 11. Bg2 hxg4 12. Qe2 Qa5 13. O-O-O Nb4 14. a3 Nxc2 15.
Nfxd5 exd5 16. Bxd5 Nxe3 17. Bxb7 Bxc5 18. Bxa8 Nxd1 19. Bc6+ Kf8 20. Rxd1 Bxa3
21. Qc4 Be7 22. Ba4 g5 23. e6 Qb4 24. Qc8+ Kg7 25. exf7 Qf4+ 26. Rd2 Nf6 27.
Qb7 Rd8 0-1

[Event "4NCL Division 1 & 2"]
[Site "Daventry, ENG"]
[Date "2022.05.02"]
[Round "9.24"]
[White "Haria, Ravi"]
[Black "Hill, Alistair"]
[Result "1-0"]
[WhiteElo "2501"]
[BlackElo "2223"]
[PlyCount "33"]
[EventDate "2022.05.02"]
[WhiteTeam "Wood Green"]
[BlackTeam "Cambridge University 1"]

1. e4 e6 2. d4 d5 3. e5 c5 4. c3 Nc6 5. Nf3 Bd7 6. Be2 Nge7 7. Na3 cxd4 8. cxd4
Nf5 9. Nc2 Qb6 10. O-O Nb4 11. Nxb4 Bxb4 12. g4 Nh6 13. h3 Ng8 14. Be3 Bb5 15.
Rc1 Ba5 16. Bxb5+ Qxb5 17. Rc5 1-0

[Event "4NCL Division 1 & 2"]
[Site "Daventry, ENG"]
[Date "2022.05.02"]
[Round "9.25"]
[White "Mihalik, Agoston"]
[Black "Harvey, Marcus R"]
[Result "0-1"]
[WhiteElo "2165"]
[BlackElo "2455"]
[PlyCount "54"]
[EventDate "2022.05.02"]
[WhiteTeam "Cambridge University 1"]
[BlackTeam "Wood Green"]

1. e4 c6 2. d4 d5 3. e5 Bf5 4. Nf3 e6 5. Be2 c5 6. Be3 cxd4 7. Nxd4 Ne7 8. O-O
Nbc6 9. Bb5 a6 10. Bxc6+ bxc6 11. c4 dxc4 12. Qa4 Bd3 13. Rd1 Qd7 14. Na3 c5
15. Ndb5 Nd5 16. Nc7+ Nxc7 17. Qxd7+ Kxd7 18. Nxc4 Nd5 19. Rxd3 Kc7 20. Rc1 Be7
21. Bxc5 Bxc5 22. Na5 Kb6 23. Rb3+ Bb4 24. Nc4+ Ka7 25. a3 Bc5 26. Na5 Rac8 27.
Rc4 Rc7 0-1

[Event "4NCL Division 1 & 2"]
[Site "Daventry, ENG"]
[Date "2022.05.02"]
[Round "9.26"]
[White "Czopor, Maciej"]
[Black "McClement, Andrew"]
[Result "0-1"]
[WhiteElo "2425"]
[BlackElo "2221"]
[PlyCount "77"]
[EventDate "2022.05.02"]
[WhiteTeam "Wood Green"]
[BlackTeam "Cambridge University 1"]

1. e4 c5 2. Nf3 d6 3. d4 cxd4 4. Nxd4 Nf6 5. Nc3 e6 6. g4 h6 7. Rg1 Be7 8. h4
d5 9. g5 hxg5 10. hxg5 Nxe4 11. Nxe4 dxe4 12. Be3 a6 13. Qe2 e5 14. O-O-O exd4
15. Bxd4 Bxg5+ 16. f4 Bxf4+ 17. Kb1 Qe7 18. Bxg7 Rh2 19. Bh6 Bxh6 20. Qxh2 Bf8
21. Bc4 Nc6 22. Rg8 Bd7 23. Qf4 f5 24. Bd5 O-O-O 25. Bxc6 bxc6 26. Rg6 Qc5 27.
a3 Be7 28. Rg3 Be6 29. Rxd8+ Bxd8 30. Qh6 Qd5 31. Kc1 Bc7 32. Rg6 Bd7 33. Qe3
Kb7 34. Rg5 Be5 35. Rg2 f4 36. Qe1 e3 37. Rg1 f3 38. Qb4+ Qb5 39. Qd2 0-1